000 00760nam a2200181Ia 4500
999 _c36395
_d36395
001 2309
003 GE_BSU
005 20190529131113.0
008 181216s2008||||ge |||||||||||||| ||geo||
040 _cGE_BSU
041 _ageo
080 _a61 მ–48
245 _aმედიცინის სიტყვანი :
_bპროექტის პირველადი ვარიანტი /
_cსპეციალური სამეცნიერო რედაქცია ; ენციკლოპედია "აჭარის" მთავარი სამეცნ. რედაქცია
264 _aბათუმი,
_b2008.
300 _a187 გვ.;
_b21 სმ.
653 _aმედიცინა
942 _cBK
_2udc